[Event "GER-chT U14"]
[Site "Magdeburg"]
[Date "2010.12.30"]
[Round "7.4"]
[White "Walczak, Charley"]
[Black "Boeck, Anton"]
[Result "1/2-1/2"]
[WhiteElo "1131"]
[BlackElo "1202"]
[PlyCount "43"]
[EventDate "2010.12.27"]
[EventType "team-swiss"]
[EventRounds "7"]
[EventCountry "GER"]
[SourceTitle "CBM 140 Extra"]
[Source "ChessBase"]
[SourceDate "2011.03.01"]
[SourceVersion "1"]
[SourceVersionDate "2011.03.01"]
[SourceQuality "1"]
[WhiteTeam "Dresden Striessen"]
[BlackTeam "Ulm"]
[WhiteTeamCountry "GER"]
[BlackTeamCountry "GER"]

1. e4 e5 2. Nf3 Nc6 3. Bc4 Bc5 4. c3 Nf6 5. d4 exd4 6. cxd4 Bb4+ 7. Bd2 Bxd2+ 8. Nbxd2 d5 9. exd5 Nxd5 10. 0-0 0-0 11. Re1 Nf6 12. Qb3 a6 13. Ne5 Nxe5 14. dxe5 b5 15. Bxf7+ Rxf7 16. exf6 Bb7 17. Ne4 Bd5 18. Qg3 Bxe4 19. Rxe4 Qxf6 20. Re2 Raf8 21. Qb3 c5 22. Qd5 1/2-1/2

[Event "GER-chT U14"]
[Site "Magdeburg"]
[Date "2010.12.29"]
[Round "6.4"]
[White "Boeck, Anton"]
[Black "Bechler, Lukas"]
[Result "0-1"]
[WhiteElo "1202"]
[BlackElo "1430"]
[PlyCount "58"]
[EventDate "2010.12.27"]
[EventType "team-swiss"]
[EventRounds "7"]
[EventCountry "GER"]
[SourceTitle "CBM 140 Extra"]
[Source "ChessBase"]
[SourceDate "2011.03.01"]
[SourceVersion "1"]
[SourceVersionDate "2011.03.01"]
[SourceQuality "1"]
[WhiteTeam "Ulm"]
[BlackTeam "Coswig"]
[WhiteTeamCountry "GER"]
[BlackTeamCountry "GER"]

1. e4 e6 2. d4 d5 3. exd5 exd5 4. Nf3 Bd6 5. Nc3 c6 6. Bd3 Nf6 7. Qe2+ Be7 8. Ne5 0-0 9. Be3 Nbd7 10. 0-0 Qc7 11. f4 b6 12. b3 Bb7 13. Nd1 Bd6 14. g3 c5 15. c4 cxd4 16. Bxd4 Rfe8 17. Re1 Nc5 18. Nc3 a6 19. Qc2 h6 20. Bf5 dxc4 21. bxc4 Ncd7 22. Nxd7 Nxd7 23. Bxd7 Qxd7 24. Bxb6 Qc6 25. Nd5 Bc5+ 26. Bxc5 Qxc5+ 27. Kg2 Bxd5+ 28. Kf1 Bxc4+ 29. Kg2 Bd5+ 0-1

[Event "GER-chT U14"]
[Site "Magdeburg"]
[Date "2010.12.28"]
[Round "4.4"]
[White "Boeck, Anton"]
[Black "Hoffmann, Thiemo"]
[Result "0-1"]
[WhiteElo "1202"]
[BlackElo "1401"]
[PlyCount "90"]
[EventDate "2010.12.27"]
[EventType "team-swiss"]
[EventRounds "7"]
[EventCountry "GER"]
[SourceTitle "CBM 140 Extra"]
[Source "ChessBase"]
[SourceDate "2011.03.01"]
[SourceVersion "1"]
[SourceVersionDate "2011.03.01"]
[SourceQuality "1"]
[WhiteTeam "Ulm"]
[BlackTeam "Brackweda"]
[WhiteTeamCountry "GER"]
[BlackTeamCountry "GER"]

1. e4 c5 2. Nf3 Nc6 3. d4 cxd4 4. Nxd4 Nf6 5. Nc3 d6 6. Bb5 Bd7 7. Nxc6 Bxc6 8. Bxc6+ bxc6 9. 0-0 g6 10. Bg5 Bg7 11. Re1 Nd7 12. Qg4 0-0 13. Rad1 Re8 14. Rf1 Ne5 15. Qe2 Qb6 16. Na4 Qa5 17. b3 Nf3+ 18. Qxf3 Qxg5 19. Nc3 Qa5 20. Na4 Rad8 21. c4 Rf8 22. Rd3 f5 23. exf5 Rxf5 24. Qxc6 Rdf8 25. f3 Rh5 26. Rd5 Rxd5 27. Qxd5+ Qxd5 28. cxd5 Rc8 29. Re1 Kf7 30. Re3 Bd4 31. Kf2 Bxe3+ 32. Kxe3 Rc2 33. g4 Rxa2 34. Nc3 Ra3 35. Kf2 Rxb3 36. Ne4 Rd3 37. Ng5+ Kg7 38. Ne6+ Kf6 39. Nf4 Rd2+ 40. Kg3 a5 41. h4 a4 42. g5+ Kf5 43. Ng2 Rxg2+ 44. Kxg2 a3 45. Kg3 a2 0-1